000 00477nam a2200193Ia 4500
003 OSt
005 20220713154408.0
008 210210b1980 xxu||||| |||| 00| 0 eng d
040 _cAL
041 _aeng
082 _a651.7 RAVE
100 _aRAVI
_948807
245 _aElaboration: Selected question and answers
260 _aBangalore
_bSree Subramanyeswara book depot
_c1980
300 _avi,194
690 _aCommunication
_948808
906 _a037469
942 _2ddc
_cBK
999 _c87834
_d87834